000 00677nam a2200253 4500
008 b xx# eng u
010 _a30550
020 _a0194371174
020 _a9780194371179
040 _aLB-BrCRDP
082 _a414/A144s
100 1 _aAbercrombie, David
130 1 _lEN
245 1 0 _aStudies in phonetics and linguistics
_cDavid Abercrombie
250 _a3rd impr.
260 _aLondon
_bOxford University Press
_c1971
300 _a151p. ;
_c22cm
490 0 _aLanguage and language learning; 10
500 _aIndex at the end
650 _aPhonetics
650 _aLinguistics
942 _cBK
999 _c12620
_d12620